| 000 | 00564nam a2200205 4500 | ||
|---|---|---|---|
| 003 | SISC | ||
| 005 | 20160307145503.0 | ||
| 008 | 130830t xxu||||| |||| 00| 0 eng d | ||
| 020 | _a9780844253022 | ||
| 050 |
_aPN 4181 _b.W85 1968 |
||
| 082 |
_aHS 808.53 _bW85 1995 |
||
| 100 |
_aWood, Roy V. _915664 |
||
| 245 |
_aStrategic debate / _cRoy V. Wood |
||
| 260 |
_aIllinois, USA : _bNational textbook Company, _c1995. |
||
| 300 |
_a421 p.; _c 24 cm. |
||
| 650 |
_a Debating _915665 |
||
| 650 |
_a Public discussion _915666 |
||
| 942 |
_2lcc _cBK |
||
| 999 |
_c9980 _d9980 |
||